La sociedad; una introducción a la sociología /

Guardado en:
Autor Principal: Chinoy, Ely
Formato: Libro
Publicado: México : Fondo de Cultura Econ¢mica, 1987
Materias:
Etiquetas: Agregar Etiqueta
Sin Etiquetas, Sea el primero en etiquetar este registro!
LEADER 00563nam a22002055a 4500
001 CEM.cems008914
005 20060214000000.0
008 130507s1987##################000#0#####d
003 CEMS
082 0 4 |a 301 
100 1 |a Chinoy, Ely 
245 1 0 |a La sociedad; una introducción a la sociología / 
260 |a México :  |b Fondo de Cultura Econ¢mica,  |c 1987 
300 |a 423 p. 
653 |a Burocracia 
653 |a Cultura 
653 |a Delincuencia juvenil 
653 |a Familia 
653 |a Incesto 
859 |a CEMS  |b BIB. CEMS - 11 de abril  |h 301  |i Ch441-2  |p 18444.95  |t Ej.1